000 00564cam a2200145 4500500
005 20260208002342.0
041 _afre
042 _adc
100 1 0 _aHeinich, Nathalie
_eauthor
245 0 0 _aCarole Dornier & Renaud Dulong, eds, Esthétique du témoignage, Paris, Éditions de la Maison des sciences de l’homme, 2005, 388 p., bibl., ill.
260 _c2005.
500 _a92
786 0 _nL'Homme | 175-176 | 3 | 2005-07-01 | p. 475c-572c | 0439-4216
856 4 1 _uhttps://shs.cairn.info/revue-l-homme-2005-3-page-475c?lang=fr&redirect-ssocas=7080
999 _c1645972
_d1645972